Материальная и интеллектуальная доступность системы высшего профессионального образования; Известия Томского политехнического университета [Известия ТПУ]; Т. 313, № 6: Экономика. Философия, социология и культурология

Dades bibliogràfiques
Parent link:Известия Томского политехнического университета [Известия ТПУ]/ Томский политехнический университет (ТПУ).— , 2000-
Т. 313, № 6: Экономика. Философия, социология и культурология.— 2008.— [С. 74-80]
Autor principal: Иванкина Е. А. Екатерина Алексеевна
Altres autors: Корнева О. Ю. Ольга Юрьевна
Sumari:Заглавие с титульного листа
Электронная версия печатной публикации
Проанализирована взаимосвязь доступности высшего образования и его качества. Показано, что быстрый рост доступности образования негативно сказывается на его качестве и эффективности, увеличивая диссонанс рынков труда и образовательных услуг, снижая качество интеллектуального капитала нации и ставя под сомнение инновационное преобразование экономики. Дана классификация форм доступности образования, которая поможет определить приоритеты развития системы образования в целом. Выявлены ключевые проблемы и предложены варианты их решения.
Idioma:rus
Publicat: 2008
Col·lecció:Экономика
Matèries:
Accés en línia:http://www.lib.tpu.ru/fulltext/v/Bulletin_TPU/2008/v313/i6/16.pdf
Format: MixedMaterials Electrònic Capítol de llibre
KOHA link:https://koha.lib.tpu.ru/cgi-bin/koha/opac-detail.pl?biblionumber=173725

MARC

LEADER 00000nla2a2200000 4500
001 173725
005 20240213110604.0
035 |a (RuTPU)RU\TPU\book\188406 
035 |a RU\TPU\book\188405 
090 |a 173725 
100 |a 20091230d2008 k y0rusy50 ca 
101 0 |a rus 
102 |a RU 
135 |a drnn ---uucaa 
181 0 |a i  
182 0 |a b 
200 1 |a Материальная и интеллектуальная доступность системы высшего профессионального образования  |f Е. А. Иванкина, О. Ю. Корнева 
203 |a Текст  |c электронный 
215 |a 1 файл (157 Кб) 
225 1 |a Экономика 
300 |a Заглавие с титульного листа 
300 |a Электронная версия печатной публикации 
320 |a [Библиогр.: с. 80 (18 назв.)] 
330 |a Проанализирована взаимосвязь доступности высшего образования и его качества. Показано, что быстрый рост доступности образования негативно сказывается на его качестве и эффективности, увеличивая диссонанс рынков труда и образовательных услуг, снижая качество интеллектуального капитала нации и ставя под сомнение инновационное преобразование экономики. Дана классификация форм доступности образования, которая поможет определить приоритеты развития системы образования в целом. Выявлены ключевые проблемы и предложены варианты их решения. 
337 |a Adobe Reader 
461 1 |0 (RuTPU)RU\TPU\book\176237  |t Известия Томского политехнического университета [Известия ТПУ]  |f Томский политехнический университет (ТПУ)  |d 2000- 
463 1 |0 (RuTPU)RU\TPU\book\188386  |x 1684-8519  |t Т. 313, № 6: Экономика. Философия, социология и культурология  |v [С. 74-80]  |d 2008  |p 189 с. 
610 1 |a материальная доступность 
610 1 |a интеллектуальная доступность 
610 1 |a высшее профессиональное образование 
610 1 |a рынок труда 
610 1 |a образовательные услуги 
610 1 |a интеллектуальный капитал 
610 1 |a нации 
610 1 |a экономика 
610 1 |a классификации 
610 1 |a дифференциация 
610 1 |a социальные группы 
610 1 |a труды учёных ТПУ 
610 1 |a электронный ресурс 
700 1 |a Иванкина  |b Е. А.  |c специалист в области экономики образования  |c аспирант Томского политехнического университета  |f 1982-  |g Екатерина Алексеевна  |3 (RuTPU)RU\TPU\pers\25425  |9 11367 
701 1 |a Корнева  |b О. Ю.  |c экономист  |c доцент Томского политехнического университета, кандидат экономических наук  |f 1968-  |g Ольга Юрьевна  |3 (RuTPU)RU\TPU\pers\25559  |9 11489 
801 1 |a RU  |b 63413507  |c 20090623  |g PSBO 
801 2 |a RU  |b 63413507  |c 20211210  |g PSBO 
856 4 |u http://www.lib.tpu.ru/fulltext/v/Bulletin_TPU/2008/v313/i6/16.pdf 
942 |c CF